000 00684nam a2200193 a 4500
001 000036684
005 20200930075855.0
008 120125s2003 sp c 000 0bspa d
040 _aDO-SdBNP
_bspa
_cBNPHU
082 _axxx
_bC563J
100 1 _aJenkins, Roy,
_d1920-2003
_962963
245 1 0 _aWinston Churchill /
_cRoy Jenkins ; prólogo de Manuel Fraga Iribarne.
260 _aMadrid :
_bEdiciones Folio,
_c2003.
300 _a2 v. :
_bretrs. ;
_c21 cm.
490 1 _aBiblioteca ABC. Protagonistas del S. XX
_v1
500 _aLa biblioteca solo posee el volumen 1.
700 1 _aFraga Iribarne, Manuel,
_epról.
_962964
830 0 _aBiblioteca ABC. Protagonistas del S. XX;
_v1
_962965
999 _c36175
_d36175